Statistics for Top 25 Chess Engines (12/22)

Click here to take the quiz!

General Stats

  • This quiz has been taken 13 times
  • The average score is 3 of 25

Answer Stats

EloEngine% Correct
3552Stockfish
100%
3372Leela Chess Zero
69%
3525Dragon By Komodo
62%
3384Houdini
31%
3475Berserk
23%
3472Ethereal
8%
3512Fat Fritz
8%
3372Fire
8%
3467Koivisto
8%
3459Rebel
8%
3473Revenge
8%
3372Wasp
8%
3421Aarasan
0%
3393Black Marlin
0%
3400Ginkgo Vienna
0%
3380Halogen
0%
3408Igel
0%
3371Marvin
0%
3435Minic
0%
3383Nemorino
0%
3446RofChade
0%
3467RubiChess
0%
3452Seer
0%
3462SlowChess
0%
3417Uralochka
0%

Score Distribution

Percentile by Number Answered

Percent of People with Each Score

Your Score History

You have not taken this quiz